| 000 | 00514nam a2200181Ia 4500 | ||
|---|---|---|---|
| 001 | 16373 | ||
| 005 | 20260306170304.0 | ||
| 008 | 260306t2018||||xx |||||||||||||| ||und|| | ||
| 041 | _aESP | ||
| 082 |
_a348.54085 _bF369 T. 2 |
||
| 100 |
_aFoy Valencia, Pierre _eAUT |
||
| 245 | 0 |
_aTratado de derecho ambiental peruano: _buna lectura del derecho ambiental desde la Ley General del Ambiente |
|
| 260 | _c2018 | ||
| 300 |
_a878 páginas : _c25 cm. |
||
| 650 | _aGEN | ||
| 654 | _aCDE | ||
| 942 |
_cLIB _dJUS _fJUS _2ddc _n |
||
| 999 |
_c16373 _d16373 |
||